000 01109nam0a22002771 4500
001 rc\4243202
005 20250612025150.0
021 _aRU
_b[60-45668]
035 _a(NLR Aleph) 008471631
090 _a7933370
_c7933370
100 _a20130416d1960 |||y0rusy50 ca
101 0 _arus
102 _aRU
105 _aa z |||||
200 1 _aПодъемно-транспортные работы в сборном жилищном строительстве
_fАкад. наук БССР. Ин-т строительства и архитектуры
210 _aМинск
_cИзд-во Акад. наук БССР
_d1960
215 _a120 с.
_cил.
_d20
320 _aБиблиогр.: с. 118-119
606 _aЖилищное строительство, сборное
_xМеханизация
_2psbo
606 _aПодъемно-транспортное оборудование
_xЭксплуатация
_2psbo
700 1 _aАтаев
_bС.С.
_gСергей Сергеевич
801 0 _aRU
_bNLR
_gpsbo
801 1 _aRU
_bELAR
_2rusmarc
852 _aNLR
_j60-3/3121
942 _cBOOK
980 _aNB